Pokemon, Plus Hautes Statistiques de Base - Statistiques

Statistiques générales
  • Ce quiz a été pris 49 fois
  • Le résultat moyen est 19 sur 23
Statistiques - réponses
Hint Réponse % Correct
720 Arceus
98%
720 Zacian
90%
720 Zamazenta
90%
680 Giratina
88%
680 Lugia
88%
680 Lunala
88%
680 Necrozma (Ailes de l'Aurore)
88%
680 Necrozma (Crinière du Couchant)
88%
680 Palkia
88%
680 Solgaleo
88%
708 Zygarde (Forme Parfaite)
88%
680 Ho-Oh
85%
680 Mewtwo
85%
680 Rayquaza
85%
680 Xerneas
85%
680 Yveltal
85%
680 Zekrom
85%
680 Dialga
83%
700 Kyurem (Blanc)
83%
700 Kyurem (Noir)
83%
680 Reshiram
80%
690 Ethernatos
78%
680 Hoopa (Déchaîné)
32%
Aucun quiz correspondant
Distribution des résultats
% des personnes avec chaque résultat
Percentile par nombre de réponses
Votre historique - résultats
Vous n’avez pas pris ce quiz